000 00260nam a2200097Ia 4500
001 644967
005 20250826153614.0
008 250824s9999 xx 000 0 und d
245 0 _aEce Yüce/Ece Yüce İle Nasıl Baş Edecek
_cGülten Dayıoğlu
260 _bALTIN
999 _c644967
_d644967